000 00689nam a22001815i 4500
001 154380
003 ES-MaACL
005 20250708063328.0
008 040707s1822 sp af |||| | spa d
040 _aCAM
_bspa
_cCAM
100 1 _aGoldsmith, Oliver,
_d1730-1774
_957689
245 1 0 _aCompendio de la historia romana /
_ctraducido del inglés del doctor Goldsmith.
260 _aMadrid ;
_aParis :
_bHállase en casa de Rosa,
_c1822.
300 _a303, [1] p. ;
_c16 cm.
599 1 _aPort. grab. lit. alegórica.
852 _aES-MaACL
_j, D-2213
_z-- Enc. hol.
_z-- Donación Modesto de la Fuente
_z-- Al final tiene 4, 12 pp. de propaganda ed.
999 _c154380
_d154380